A Programmer's Guide to Java SCJP Certification (Record no. 4007)

MARC details
000 -LEADER
fixed length control field 00340nam a2200133Ia 4500
008 - FIXED-LENGTH DATA ELEMENTS--GENERAL INFORMATION
fixed length control field 191201s2009 xx 000 0 und d
082 ## - DEWEY DECIMAL CLASSIFICATION NUMBER
Classification number 005.133
Item number MUP
100 ## - MAIN ENTRY--PERSONAL NAME
Personal name MUGHAL, Khalid A.
245 #0 - TITLE STATEMENT
Title A Programmer's Guide to Java SCJP Certification
260 ## - PUBLICATION, DISTRIBUTION, ETC. (IMPRINT)
Place of publication, distribution, etc N.Delhi
Name of publisher, distributor, etc PHI
Date of publication, distribution, etc 2009
300 ## - PHYSICAL DESCRIPTION
Extent 1039
650 ## - SUBJECT ADDED ENTRY--TOPICAL TERM
Topical term or geographic name as entry element B.Tech(IT)
942 ## - ADDED ENTRY ELEMENTS (KOHA)
Source of classification or shelving scheme Dewey Decimal Classification
Koha item type Text Books
Holdings
Withdrawn status Lost status Source of classification or shelving scheme Damaged status Not for loan Collection code Home library Current library Date acquired Source of acquisition Cost, normal purchase price Bill Number Total Checkouts Full call number Acc. no. / Barcode Date last seen Bill Date Koha item type Date last borrowed
    Dewey Decimal Classification     B.Tech(IT) PIET C-LIBRARY PIET C-LIBRARY 20/07/2009 J B C, New Delhi 365.00 SI-1464   005.133 MUP 12782 04/12/2019 11/07/2009 Text Books  
    Dewey Decimal Classification     B.Tech(IT) PIET C-LIBRARY PIET C-LIBRARY 20/07/2009 J B C, New Delhi 365.00 SI-1464   005.133 MUP 12783 04/12/2019 11/07/2009 Text Books  
    Dewey Decimal Classification     B.Tech(IT) PIET C-LIBRARY PIET C-LIBRARY 20/07/2009 J B C, New Delhi 365.00 SI-1464 1 005.133 MUP 12784 31/12/2019 11/07/2009 Text Books 20/12/2019
    Dewey Decimal Classification     B.Tech(IT) PIET C-LIBRARY PIET C-LIBRARY 20/07/2009 J B C, New Delhi 365.00 SI-1464   005.133 MUP 12785 04/12/2019 11/07/2009 Text Books  
    Dewey Decimal Classification     B.Tech(IT) PIET C-LIBRARY PIET C-LIBRARY 20/07/2009 J B C, New Delhi 365.00 SI-1464   005.133 MUP 12786 04/12/2019 11/07/2009 Text Books  

Design & Developed by: PIET Central Library
R70 Miles Stone Pattikalyana Samalkha Panipat 132102
mail ID :- [email protected], Phone No:- 0180-2569700 Ex.216